Oliver Twist/ (Record no. 173078)

MARC details
000 -LEADER
fixed length control field 00485nam a22001817a 4500
005 - DATE AND TIME OF LATEST TRANSACTION
control field 20200218123511.0
010 ## - LCCN (DPL NO)
LC control number ENG-127863
020 ## - INTERNATIONAL STANDARD BOOK NUMBER
International Standard Book Number 9788192189963
Terms of availability 350.00
035 ## - SYSTEM CONTROL NUMBER
System control number EN-111395
037 ## - SOURCE OF ACQUISITION
Source of stock number/acquisition DBAD/PUB
082 ## - DEWEY DECIMAL CLASSIFICATION NUMBER
Classification number N
100 ## - MAIN ENTRY--PERSONAL NAME
Personal name Dickens,Charles
245 ## - TITLE STATEMENT
Title Oliver Twist/
Statement of responsibility, etc by Charles Dickens
260 ## - PUBLICATION, DISTRIBUTION, ETC. (IMPRINT)
Place of publication, distribution, etc New Delhi
Name of publisher, distributor, etc Kopal books
Date of publication, distribution, etc 2015
270 ## - ADDRESS
Address 315,Hari Nagar Ashram,Mathura Road
City New Delhi
Postal code 110014
300 ## - PHYSICAL DESCRIPTION
Extent 182p.
Dimensions 22cm (hb)
942 ## - ADDED ENTRY ELEMENTS (KOHA)
Source of classification or shelving scheme Dewey Decimal Classification
Item type English Books
Classification part N
Call number suffix DIC
Holdings
Withdrawn status Lost status Not for loan Collection code Home library Current library Date acquired Source of acquisition Cost, normal purchase price Full call number Barcode Copy number Cost, replacement price Koha item type
      Fiction Central Library Central Library 18/02/2020 DBAD/PUB 350.00 N DIC EN-111395 1 350.00 English Books

© Delhi Public Library
Hit Counter
free hit counter